| 000 | 00651nam a22002177a 4500 | ||
|---|---|---|---|
| 003 | OSt | ||
| 005 | 20181211060314.0 | ||
| 008 | 181211b xxu||||| |||| 00| 0 spa d | ||
| 020 | _a987-1181-21-3 | ||
| 040 | _cBiblioteca Ernesto Sábato | ||
| 092 |
_a982.074 _bT323 _eJRR |
||
| 100 | _aTerragno, Rodolfo H | ||
| 245 | _aEl Peronismo de los 70 | ||
| 260 |
_aBuenos Aires _bCapital Intelectual _c2005 |
||
| 300 | _a2 v. | ||
| 440 |
_aClaves para todos. Colección dirigida por José Nun _n 21; 22 |
||
| 500 | _aV 1 : De Cámpora a Isabelita. V 2 : Camino a la dictadura | ||
| 650 | _aPERONISMO-1973-1976 | ||
| 650 | _a/JRR/ | ||
| 942 |
_2ddc _cBJRR |
||
| 999 |
_c33313 _d33313 |
||